Best Picture Musicals - Sudden Death - Statistics

General Stats
  • This quiz has been taken 143 times
  • The average score is 3 of 10
Answers on the Grid
Answers color-coded by a green-red scale on the quiz's grid according to % correct below.
West Side Story
La La Land
The Wizard of Oz
Bohemian Rhapsody
Seven Brides for Seven Brothers
Moulin Rouge!
Going My Way
The Bells of St. Mary's
Oliver!
The Broadway Melody
Elvis
Singin' in the Rain
An American in Paris
All That Jazz
My Fair Lady
A Star is Born
The Great Ziegfeld
Cabaret
The Sound of Music
Fiddler on the Roof
Les Misérables
Beauty and the Beast
Chicago
Gigi
Broadway Melody of 1936
 
Answer Stats
Answer % Correct
The Sound of Music
51%
Chicago
45%
West Side Story
44%
My Fair Lady
36%
Oliver!
33%
Gigi
21%
An American in Paris
20%
The Broadway Melody
20%
Going My Way
18%
The Great Ziegfeld
15%
No matching quizzes found
Score Distribution
Percent of People with Each Score
Percentile by Number Answered
Your Score History
You have not taken this quiz